000 00740nam a2200217Ia 4500
001 8446
003 GE_BSU
008 181216s||||||||xx |||||||||||||| ||und||
040 _cGE_BSU
080 _a821.353.1-1
100 _aეული, სანდრო
245 _aჩვენი ქუჩის დღესასწაულზე: ახალი ლექსები.
245 _cრედ.: გ.ნატროშვილი
260 _aთბილისი.
260 _bსაბჭ. მწერალი
260 _c1943
300 _a32 გვ; 14 სმ.
653 _aახალი ლექსები
653 _aჩვენი ქუჩის დღესასწაულზე
942 _cBK
999 _c41765
_d41765